| 000 | 00620nam a22001937i 4500 | ||
|---|---|---|---|
| 999 |
_c23257 _d23257 |
||
| 003 | AR-CdUCM | ||
| 008 | 250409b20202020 pe||||| |||| 00| 0 spa d | ||
| 040 |
_aMUNICIPALIDAD PROVINCIAL DEL CUSCO _cBIBLIOTECA MUNICIPAL DEL CUSCO |
||
| 041 | _hspa | ||
| 082 |
_aPI / 869.56 / C85 / fol.2 _bC85 / fol.2 |
||
| 100 |
_aAnónimo / _917814 |
||
| 245 |
_aElías, Héroes de la Biblia : _bBiblia para niños / |
||
| 260 |
_bCottbell _c2020 |
||
| 300 |
_a12 páginas. : _bIlustraciones _c17x16 cm. |
||
| 650 |
_aLiteratura infantil _9588 |
||
| 650 |
_aPrimera infancia _924660 |
||
| 942 |
_2ddc _cLIBROS |
||
| 945 |
_apbjr _d9-04-2025 |
||